Регионална библиотека "Любен Каравелов" - Русе

Стоманобетон (Запис номер 60013)

MARC детайли
000 -Лидер
Контролно поле с фиксирана дължина 01341nam a2200337 c 4500
003 - Код на организацията, давaща контролен номер
Контролно поле BLK
005 - Дата и час на последна редакция
Контролно поле 20180420222924.0
008 - Елементи от данни с фиксирана дължина
fixed length control field 180408b bul|||||r ||||||| ||bul||
010 ## - Наследен системен номер
LC control number KNG00064141000
040 ## - Източник на каталожния запис
Идентификатор на билиотеката - собственик на записа BLK
041 ## - Код за език
Код за езика на текст/звукозапис или на отделно заглавие Български
Код за езика КДБФ Български
080 ## - УДК
Текстов определител УДК Бетонни и стоманобетонни монолитни конструкции. Вж и 691. 3 ; 693. 5
УДК код - определител по УДК 624.012.4
УДК определител (075.8)
УДК - код + определител 624.012.4(075.8)
100 1# - Редна дума - Автор
Автор Маноилов, Левчо Антонов
Авторска отговорност първи автор
R(LIN) 266498
139 ## - Редно поле
Редна дума Стоманобетон
Авторски знак Мано - М 27
245 10 - Сведения за заглавието
Заглавие Стоманобетон
Подзаглавни данни Учебник за студентите от ВИАС
Редно поле (дума) Левчо Антонов Маноилов.
250 ## - Област на изданието
Сведения за изданието 3. осн. прераб. изд.
257 ## - Страна на издаване
Страна на създаване/издаване България
260 ## - Област на издателските данни
-- София
Име на издателя, разпространителя и проч. Техника
Година на издаване 1983
Печатница Ямбол : Г. Димитров
300 ## - Физическа характеристика
Страници 532 с.
Илюстрации и др. със сх., табл., диагр.
Размери/Мащаб 25 см
380 ## - Жанр
Жанр Техника
500 ## - Общи забележки
Забележка 1. изд. 1972. - Библиогр. с. 526-527.
504 ## - Забележка за наличие на библиография и др
Забележка за наличие на библиография и под. 526-527
650 #4 - Допълнително описание по предмет – тема
Основно описание – тема или топоним Стоманобетон - учебници за ВУЗ
9 (RLIN) 287495
653 ## - Ключова дума – ненормативна
Ключова дума стоманобетонни конструкции
653 ## - Ключова дума – ненормативна
Ключова дума учебници за ВУЗ
852 ## - Местоположение
Форматна сигнатура Цб 125065
856 4# - Електронен адрес и достъп
Електронен формат pdf - файл
Път до файла /url/
856 4# - Електронен адрес и достъп
Електронен формат pdf - файл
Път до файла /url/
942 ## - АРТИКУЛИ
Вид на библиотечния материал Книги
Скрит в OPAC Не
944 ## - СЪЗДАВАНЕ И РЕДАКЦИЯ на ЗАПИСА
Създаване/Редакция Създаване
Дата на регистрацията/редакция 13.06.2004
Служител, извършил регистрацията/редакцията Читалня
944 ## - СЪЗДАВАНЕ И РЕДАКЦИЯ на ЗАПИСА
Създаване/Редакция Редакция
Дата на регистрацията/редакция 26.08.2015
Служител, извършил регистрацията/редакцията
999 ## - СИСТЕМНИ КОНТРОЛНИ НОМЕРА
Koha biblionumber 60013
Koha biblioitemnumber 60013
Наличности
Код за отписване Код за изгубен артикул Източник на класификационната схема Код за повреда Коз за рестрикции Код за отдаване Артикулен № Име на библиотеката - собственик Име на библиотеката, в която се намира в момента Статус (Текущо местоположение) Дата на вписване в системата Местоположение - отдел Цена в лева Инвентарен номер Систематично азбучна сигнатура Баркод Номер на екземпляра Цена в евро Служебна бележка Служебен тип на артикула
  Не е изгубен Universal Decimal Classification Не е повреден без рестрикции ползва се в читалня 98480 Регионална библиотека "Любен Каравелов" Русе Регионална библиотека "Любен Каравелов" Русе Читалня 1993-01-01 Читалня 3.27 391524 Ч 624/М 27 120000391524 1 1.67 N: стар фонд Дата инв: 24.03.2017 Бележки инв: Ч2017 Книги
Изтеглен Не е изгубен Universal Decimal Classification Не е повреден без рестрикции заемане за дома 98481 Регионална библиотека "Любен Каравелов" Русе Регионална библиотека "Любен Каравелов" Русе Заемна - подръчен фонд 1983-01-01 Заемна - подръчен фонд 3.27 391522 П 624.012/М 27 391522 2 1.67 N: стар фонд Дата: 01.01.1983 Книги
Изтеглен Не е изгубен Universal Decimal Classification Не е повреден без рестрикции заемане за дома 98482 Регионална библиотека "Любен Каравелов" Русе Регионална библиотека "Любен Каравелов" Русе Заемна - подръчен фонд 1983-01-01 Заемна - подръчен фонд 3.27 391523 П 624.012/М 27 391523 3 1.67 N: стар фонд Дата: 01.01.1983 Дата инв: 06.02.2018 Бележки инв: П2018 Книги
  Не е изгубен Universal Decimal Classification Не е повреден без рестрикции ползва се в читалня 98483 Регионална библиотека "Любен Каравелов" Русе Регионална библиотека "Любен Каравелов" Русе Хранилище 1983-01-01 Хранилище 3.27 391574 Цб 125065 900000013736 4 1.67 Дост: Dp Вид: Д N: стар фонд Дата: 01.01.1983 Книги
Vip Innovations Ltd, Rousse, Bulgaria 2025